Nīraja. (Record no. 75722)

MARC details
000 -LEADER
fixed length control field 00572cam a22002291 4500
001 - CONTROL NUMBER
control field sa 67006146
003 - CONTROL NUMBER IDENTIFIER
control field DLC
005 - DATE AND TIME OF LATEST TRANSACTION
control field 20260227112404.0
008 - FIXED-LENGTH DATA ELEMENTS--GENERAL INFORMATION
fixed length control field 890711s1965 ii c 000 0 hino
010 ## - LIBRARY OF CONGRESS CONTROL NUMBER
LC control number sa 67006146
035 ## - SYSTEM CONTROL NUMBER
System control number (OCoLC)19992656
040 ## - CATALOGING SOURCE
Original cataloging agency DLC
Transcribing agency WaU
Modifying agency DLC
042 ## - AUTHENTICATION CODE
Authentication code premarc
050 00 - LIBRARY OF CONGRESS CALL NUMBER
Classification number PK2098.S37
Item number A6 1965
100 1# - MAIN ENTRY--PERSONAL NAME
Personal name Saxena, Gopal Das,
Dates associated with a name 1926-
245 10 - TITLE STATEMENT
Title Nīraja.
260 ## - PUBLICATION, DISTRIBUTION, ETC.
Date of publication, distribution, etc. [1965]
300 ## - PHYSICAL DESCRIPTION
Extent 130 p.
Other physical details port.
Dimensions 19 cm.
440 #0 - SERIES STATEMENT/ADDED ENTRY--TITLE
Title Āja ke lokapriya Hindī kavi ;
Volume/sequential designation 5
500 ## - GENERAL NOTE
General note In Hindi.
700 0# - ADDED ENTRY--PERSONAL NAME
Personal name Kshem Chandra,
Dates associated with a name 1917-

No items available.

Powered by Koha